[Event "Francia ch 2007"]
[Site "Aix-les-Bains FRA"]
[Date "2007.08.15"]
[Round "3.5"]
[White "Fontaine, Robert"]
[Black "Tkachiev, Vladislav"]
[Result "1/2-1/2"]
[WhiteElo "2567"]
[BlackElo "2655"]
[PlyCount "24"]
[EventDate "2007.08.13"]
[EventType "tourn"]
[EventRounds "11"]
[EventCountry "FRA"]
[Source "lmi"]
[SourceDate "2007.08.13"]

1. e4 e5 2. Nf3 Nc6 3. Bb5 a6 4. Ba4 Nf6 5. Nc3 Be7 6. d3 b5 7. Bb3 d6 8. a4 b4
9. Nd5 Na5 10. Nxf6+ Bxf6 11. Ba2 Rb8 12. Bd2 Rf8 1/2-1/2

[Event "Francia ch 2007"]
[Site "Aix-les-Bains FRA"]
[Date "2007.08.16"]
[Round "4.5"]
[White "Nataf, Igor-Alexandre"]
[Black "Renet, Olivier"]
[Result "1/2-1/2"]
[WhiteElo "2588"]
[BlackElo "2498"]
[PlyCount "49"]
[EventDate "2007.08.13"]
[EventType "tourn"]
[EventRounds "11"]
[EventCountry "FRA"]
[Source "lmi"]
[SourceDate "2007.08.13"]

1. e4 c5 2. Nf3 d6 3. d4 cxd4 4. Nxd4 Nf6 5. Nc3 a6 6. Bg5 e6 7. f4 Nbd7 8. Qf3
Qc7 9. Bxf6 Nxf6 10. g4 d5 11. exd5 Bb4 12. dxe6 fxe6 13. O-O-O Bxc3 14. Qxc3
Qxc3 15. bxc3 Nxg4 16. Rg1 Ne3 17. Re1 Nxf1 18. Rxg7 Nxh2 19. Nxe6 Bxe6 20.
Rxe6+ Kf8 21. Ree7 h5 22. Rxb7 Ng4 23. Rbf7+ Ke8 24. Re7+ Kf8 25. Re1 1/2-1/2